| 000 | 00906nam a2200265Ia 4500 | ||
|---|---|---|---|
| 003 | OSt | ||
| 005 | 20220923211609.0 | ||
| 006 | a|||||r|||| 00| 0 | ||
| 007 | ta | ||
| 008 | 220922b |||||||| |||| 00| 0 hin d | ||
| 020 |
_a9789388684132 (hbk) _c695 |
||
| 024 | _a348,499 | ||
| 037 |
_bGV854, 08/03/2019, Vani Prakashan _cTextual |
||
| 040 |
_aARTS _cARTS _bhin |
||
| 041 |
_2hin _ahin |
||
| 082 | _aY15, 152Q9 | ||
| 100 |
_aके. अजिता, संपा. _9160936 |
||
| 245 | 0 | _aस्त्री की दुनिया | |
| 246 | _aStrī kī duniyā | ||
| 260 |
_aनयी दिल्ली _b वाणी प्रकाशन _c2019 |
||
| 300 |
_a238पृ. _ccm. |
||
| 650 | _aमहिला सशक्तिकरण | ||
| 942 |
_hY15, 152Q9 _cTEXL _2CC |
||
| 999 |
_c301211 _d301211 |
||